000
00177nam a2200097 4500
020
_a
9788188951123
082
_a
400
245
_a
Fairy Tales 1
300
_a
16p
942
_2
ddc
_c
ST
999
_c
1238
_d
1238